000 01093nam a22002537a 4500
003 BD-DhSAU
005 20221103121645.0
008 150612b2021 bg ad||| m||| 00| 0 eng d
040 _aBD-DhSAU
082 _222
_a584
_bR1293
100 _aRAHMAN, ASADUR
_eRegistration no. # 19-10070
245 _aPhysiological and yield performance of different wheat (triticum aestivum l.) varieties under high temperature stress /
_bMS thesis
260 _aSher-e-Bangla Agricultural Uniersity :
_bDepartment of Agricultural Botany,
_c2021
300 _aviii, 92p. :
_bill. ;
_c30 cm.
500 _aMS thesis of Department of Agricultural Botany , Sher-e-Bangla Agricultural University, Dhaka, Bangladesh
504 _aIncludes bibliographical reference.
590 _aNazmul
650 _awheat (triticum aestivum l.)
650 _ahigh temperature stress
700 _aProf. Dr. Kamal Uddin Ahamed
_eSuperviser
700 _aProf. Dr. Kamrun Nahar
_eCo-superviser
856 _uhttp://archive.saulibrary.edu.bd:8080/xmlui/handle/123456789/4468
942 _2ddc
_cTHESIS
999 _c16170
_d16169